[Event "Grand Chess Tour 2018"]
[Site "Parigi"]
[Date "20.06.2018"][Round "1R"]
[White "Aronian,L"]
[Black "Grischuk,A"]
[Result "1-0"]
[WhiteElo "2764"]
[BlackElo "2766"]
[EventDate "2018.06.20"]

1. e4 c5 2. Nc3 d6 3. Nge2 Nf6 4. g3 g6 5. Bg2 Nc6 6. O-O Bg7 7. d3 h5 8.
h3 Bd7 9. Nd5 Nxd5 10. exd5 Nd4 11. c3 Nxe2+ 12. Qxe2 O-O 13. Bg5 Re8 14.
Qd2 Qc8 15. Kh2 e6 16. dxe6 Bxe6 17. Bh6 Bh8 18. Rfe1 Qd7 19. Be3 Rac8 20.
d4 b5 21. Rad1 Qc7 22. b3 a5 23. dxc5 dxc5 24. Bf4 Qb6 25. Qe3 Rcd8 26.
Rxd8 Rxd8 27. Bg5 Rb8 28. Rd1 Re8 29. Bf4 Bg7 30. Rd6 Qa7 31. Bc6 Re7 32.
Rd8+ Kh7 33. Bd6 c4 34. bxc4 bxc4 35. Ra8 Qxe3 36. fxe3 Bd7 37. Bxe7 Bxc6
38. Rxa5 Be4 39. Bb4 1-0

[Event "Grand Chess Tour 2018"]
[Site "Parigi"]
[Date "20.06.2018"][Round "1R"]
[White "So,W"]
[Black "Caruana,F"]
[Result "1-0"]
[WhiteElo "2778"]
[BlackElo "2816"]
[EventDate "2018.06.20"]

1. d4 Nf6 2. Bf4 c5 3. e3 e6 4. Nd2 d5 5. Ngf3 Nc6 6. c3 Be7 7. h3 Bd6 8.
dxc5 Bxc5 9. Bd3 O-O 10. O-O Bd6 11. Bxd6 Qxd6 12. e4 Rd8 13. Bc2 dxe4 14.
Nxe4 Qe7 15. Qe2 Bd7 16. Rad1 Be8 17. Nxf6+ Qxf6 18. h4 g6 19. Qe3 h5 20.
Ng5 b6 21. Qg3 Rxd1 22. Rxd1 Rd8 23. Re1 Kg7 24. Re3 Kg8 25. Bb3 Kh8 26.
Ba4 Qe7 27. Qf3 Rc8 28. g4 hxg4 29. Qxg4 Rd8 30. h5 Rd5 31. Rg3 f6 32. Qxe6
Qxe6 33. Nxe6 Rxh5 34. Nf4 Ra5 35. Nxg6+ Bxg6 36. Bxc6 Kh7 37. a3 Rc5 38.
Bb7 Kg7 39. b4 Re5 40. f4 Re7 41. Bd5 f5 42. Kf2 Rc7 43. c4 Kf6 44. Ke3
Re7+ 45. Kd2 Rh7 46. Re3 Bf7 47. Bxf7 Kxf7 48. Rd3 Ke6 49. Kc3 Rh4 50. Rd4
Rh3+ 51. Rd3 Rh4 52. Rd4 Rh3+ 53. Kb2 a5 54. bxa5 bxa5 55. c5 Ke7 56. Rd5
a4 57. Rxf5 Rb3+ 58. Ka2 Rf3 59. Re5+ Kd7 60. Re4 Rf2+ 61. Kb1 Kc6 62. Rc4
Re2 63. Kc1 Rf2 64. Kd1 Kb5 65. Ke1 Rb2 66. c6 Kxc4 67. c7 1-0

[Event "Grand Chess Tour 2018"]
[Site "Parigi"]
[Date "20.06.2018"][Round "2R"]
[White "Grischuk,A"]
[Black "Karjakin,Sergey"]
[Result "1/2-1/2"]
[WhiteElo "2766"]
[BlackElo "2782"]
[EventDate "2018.06.20"]

1. c4 Nf6 2. Nf3 e6 3. g3 d5 4. Bg2 dxc4 5. Na3 a6 6. Nxc4 b5 7. Nce5 Nd5
8. d4 Be7 9. a4 Bb7 10. axb5 axb5 11. Rxa8 Bxa8 12. Qb3 Nb4 13. Nxf7 Bd5
14. Nxd8 Bxb3 15. Nb7 Bd5 16. Nc5 Nc2+ 17. Kd1 Bxf3 18. exf3 Nxd4 19. Nd3
O-O 20. Be3 Nbc6 21. f4 Nb4 22. Bxd4 Rd8 23. Ke2 Rxd4 24. Rd1 Rxd3 1/2-1/2

[Event "Grand Chess Tour 2018"]
[Site "Parigi"]
[Date "20.06.2018"][Round "3R"]
[White "Aronian,L"]
[Black "Anand,V"]
[Result "1/2-1/2"]
[WhiteElo "2764"]
[BlackElo "2759"]
[EventDate "2018.06.20"]

1. e4 e5 2. Nf3 Nc6 3. Bc4 Bc5 4. d3 Nf6 5. Nc3 h6 6. h3 a6 7. O-O d6 8.
Ne2 Na5 9. Bb3 Nxb3 10. axb3 O-O 11. Ng3 Re8 12. Re1 d5 13. exd5 Qxd5 14.
Bd2 e4 15. dxe4 Nxe4 16. Be3 Qxd1 17. Raxd1 Bd6 18. Nxe4 Rxe4 19. Nd2 Re8
20. Nc4 Bf5 21. Nxd6 cxd6 22. Re2 Rac8 23. c3 Be6 24. b4 Bc4 25. Red2 Bb3
26. Ra1 Rc6 27. Ra5 Bc4 28. Rf5 f6 29. Rf4 d5 30. h4 Rce6 31. Kh2 Re4
1/2-1/2

[Event "Grand Chess Tour 2018"]
[Site "Parigi"]
[Date "20.06.2018"][Round "3R"]
[White "Caruana,F"]
[Black "Grischuk,A"]
[Result "0-1"]
[WhiteElo "2816"]
[BlackElo "2766"]
[EventDate "2018.06.20"]

1. d4 Nf6 2. Bf4 d5 3. e3 c5 4. Nf3 Nc6 5. Nbd2 cxd4 6. exd4 Bf5 7. c3 e6
8. Qb3 Bd6 9. Bg3 Bxg3 10. hxg3 Qd6 11. Qxb7 Rb8 12. Qa6 O-O 13. Nb3 Bc2
14. Rc1 Bxb3 15. axb3 Ne4 16. Qa4 e5 17. Be2 exd4 18. cxd4 Rb6 19. O-O Rfb8
20. Rfe1 g6 21. Bd3 Nb4 22. Bf1 Nc6 23. Re2 Kg7 24. Rec2 Nd8 25. Rc7 Rxb3
26. Rd7 Qf6 27. Rxd5 Rxf3 28. gxf3 Qxf3 29. Qc2 Nxf2 30. Bg2 Qe3 31. Kf1
Ng4 32. Be4 Qxg3 33. Re1 Ne6 34. Qg2 Ne3+ 35. Rxe3 Qxe3 36. Qf3 Qc1+ 0-1

[Event "Grand Chess Tour 2018"]
[Site "Parigi"]
[Date "21.06.2018"][Round "4R"]
[White "Anand,V"]
[Black "Karjakin,Sergey"]
[Result "1/2-1/2"]
[WhiteElo "2759"]
[BlackElo "2782"]
[EventDate "2018.06.20"]

1. e4 e5 2. Nf3 Nc6 3. Bb5 Nf6 4. d3 Bc5 5. c3 O-O 6. O-O d5 7. Nbd2 dxe4
8. dxe4 a5 9. Bxc6 bxc6 10. Nxe5 Re8 11. Nb3 Qxd1 12. Rxd1 Bb6 13. Nc4 Nxe4
14. Nxb6 cxb6 15. f3 Nf6 16. Bg5 Nd5 17. c4 Nb4 18. Nd4 Bd7 19. a3 Na6 20.
Kf2 c5 21. Nb5 Bxb5 22. cxb5 Nc7 23. Rd6 h6 24. Be3 Re6 25. Rad1 Nxb5 26.
Rxe6 fxe6 27. Rd7 Rc8 28. Bf4 c4 29. Be5 g5 30. Rg7+ Kf8 31. Rb7 Rc5 32.
Bg7+ Ke8 33. Rxb6 Kf7 34. Bxh6 c3 35. bxc3 Nxa3 36. Rb7+ Kg6 37. Bf8 Rxc3
38. Bxa3 1/2-1/2

[Event "Grand Chess Tour 2018"]
[Site "Parigi"]
[Date "21.06.2018"][Round "4R"]
[White "Kramnik,V"]
[Black "So,W"]
[Result "0-1"]
[WhiteElo "2792"]
[BlackElo "2778"]
[EventDate "2018.06.20"]

1. c4 g6 2. Nc3 c5 3. g3 Bg7 4. Bg2 Nc6 5. e3 e6 6. b3 Nge7 7. Ba3 b6 8.
Nge2 d5 9. cxd5 exd5 10. d4 cxd4 11. Nxd4 Nxd4 12. exd4 Ba6 13. Bf1 Bxf1
14. Kxf1 O-O 15. Rc1 Rc8 16. Kg2 Re8 17. Re1 Nf5 18. Qf3 Rxe1 19. Rxe1 Nxd4
20. Qxd5 Nc2 21. Rd1 Qe8 22. Nb5 Qe2 23. Bc1 Bf8 24. Nxa7 Rc5 25. Qf3 Ne1+
26. Rxe1 Qxe1 27. Be3 Rf5 28. Qa8 Qa5 29. a4 Re5 30. Nc6 0-1

[Event "Grand Chess Tour 2018"]
[Site "Parigi"]
[Date "21.06.2018"][Round "5R"]
[White "Caruana,F"]
[Black "Anand,V"]
[Result "1/2-1/2"]
[WhiteElo "2816"]
[BlackElo "2759"]
[EventDate "2018.06.20"]

1. e4 e5 2. Nf3 Nc6 3. Bb5 Nf6 4. O-O Nxe4 5. Re1 Nd6 6. Nxe5 Be7 7. Bf1
Nxe5 8. Rxe5 O-O 9. d4 Bf6 10. Re1 Re8 11. Rxe8+ Nxe8 12. d5 b6 13. Nc3
Bxc3 14. bxc3 d6 15. c4 Bd7 16. Bb2 Qg5 17. Qf3 Qf5 18. Qc3 Nf6 19. Bd3 Qg5
20. Re1 Re8 21. Rxe8+ Nxe8 22. Qe1 Kf8 23. f3 h6 24. g4 f5 25. h3 Qg6 26.
Qh4 Qf7 27. Kg2 fxg4 28. hxg4 Qe7 29. Qf2 Nf6 30. Qd2 Ke8 31. Qf4 Kd8 32.
Bd4 c5 33. Bc3 Be8 34. Kf2 Nd7 35. Bf5 Ne5 36. Be6 g5 37. Qe4 Qf6 38. Kg2
Bg6 39. Bxe5 Qxe5 40. Qxg6 Qe2+ 1/2-1/2

[Event "Grand Chess Tour 2018"]
[Site "Parigi"]
[Date "21.06.2018"][Round "5R"]
[White "Karjakin,Sergey"]
[Black "Mamedyarov,S"]
[Result "1-0"]
[WhiteElo "2782"]
[BlackElo "2808"]
[EventDate "2018.06.20"]

1. e4 e5 2. Nf3 Nc6 3. Bc4 Nf6 4. d3 h6 5. O-O d6 6. c3 g5 7. a4 Bg7 8. Re1
O-O 9. h3 d5 10. exd5 Nxd5 11. Nbd2 a6 12. Ne4 Nf4 13. a5 b5 14. axb6 cxb6
15. b4 Ne7 16. d4 Qc7 17. Bxf4 gxf4 18. Qe2 exd4 19. cxd4 Nf5 20. Rac1 Qd8
21. Qd2 Nxd4 22. Qxf4 Nxf3+ 23. Qxf3 Bb7 24. Qf5 Bxe4 25. Qxe4 a5 26. bxa5
bxa5 27. Re3 Rc8 28. Qf5 Rc7 29. Rg3 Qd6 30. Kh2 Rd8 31. Rcc3 Kf8 32. Qh7
Qe5 33. Rce3 Qa1 34. Rg4 Be5+ 35. g3 Bg7 36. Rf4 Rd1 37. Qe4 Bf6 38. h4 h5
39. Qa8+ Rd8 40. Qf3 Rd6 41. Qxh5 Rd2 42. Bxf7 Rxf7 43. Qh6+ 1-0

[Event "Grand Chess Tour 2018"]
[Site "Parigi"]
[Date "21.06.2018"][Round "5R"]
[White "So,W"]
[Black "Grischuk,A"]
[Result "1-0"]
[WhiteElo "2778"]
[BlackElo "2766"]
[EventDate "2018.06.20"]

1. d4 Nf6 2. c4 g6 3. Nc3 d5 4. Bg5 Bg7 5. Nf3 Ne4 6. Bf4 O-O 7. Nxd5 c5 8.
Qc2 f5 9. Bc7 Qd7 10. Be5 cxd4 11. Bxg7 Kxg7 12. Qd1 Nc6 13. Nxd4 e6 14.
Nxc6 exd5 15. Qd4+ Rf6 16. Nb4 dxc4 17. Nd5 Qd8 18. O-O-O Be6 19. Nxf6 Qxd4
20. Rxd4 Nxf2 21. Nh5+ gxh5 22. Rg1 Kf6 23. g3 Ke5 24. Rf4 Ng4 25. Bg2 Ne3
26. Kd2 Nxg2 27. Rxg2 b5 28. Rh4 Rd8+ 29. Kc1 Bf7 30. Rf2 Rd7 31. e3 a5 32.
Rd4 Re7 33. Rdf4 Be6 34. Rh4 Bf7 35. e4 fxe4 36. Rxe4+ Kxe4 37. Re2+ Kf3
38. Rxe7 Bg6 39. Re5 Kg2 40. Rxb5 Kxh2 41. Rg5 a4 42. Kd2 Kh3 43. Kc3 h4
44. gxh4 Kxh4 45. Rg1 Kh3 46. Kxc4 Kh2 47. Rg5 Be8 48. Kb4 h5 49. Re5 Bf7
50. Rf5 Be8 51. Rf8 Bd7 52. Rh8 Bg4 53. Kxa4 Kg3 54. b4 1-0

[Event "Grand Chess Tour 2018"]
[Site "Parigi"]
[Date "21.06.2018"][Round "5R"]
[White "Aronian,L"]
[Black "Kramnik,V"]
[Result "1/2-1/2"]
[WhiteElo "2764"]
[BlackElo "2792"]
[EventDate "2018.06.20"]

1. e4 e5 2. Nf3 Nc6 3. Bc4 Bc5 4. d3 Nf6 5. O-O d6 6. c3 a6 7. Nbd2 O-O 8.
Bb3 Ba7 9. h3 Be6 10. Bc2 d5 11. Ng5 Qe8 12. Ndf3 Rd8 13. Nxe6 fxe6 14. Qe2
Nh5 15. Kh2 Nf4 16. Bxf4 Rxf4 17. Rae1 Qf7 18. Ba4 b5 19. Bb3 h6 20. a4 Kh8
21. axb5 axb5 22. Bc2 Rf8 23. d4 exd4 24. exd5 exd5 25. Qd3 g6 26. Re2 dxc3
27. bxc3 Bc5 28. Rfe1 Bd6 29. Kg1 Rxf3 30. gxf3 Qf4 31. Kf1 Qxf3 32. Qxg6
Qh1+ 33. Qg1 Qxh3+ 34. Qg2 Qxc3 35. Re6 Qd2 36. Rd1 Qf4 37. Rd3 Bc5 38.
Rxc6 Qxf2+ 39. Qxf2 Rxf2+ 40. Ke1 Rxc2 41. Kd1 Rc4 42. Rxc7 Rd4 1/2-1/2

[Event "Grand Chess Tour 2018"]
[Site "Parigi"]
[Date "21.06.2018"][Round "6R"]
[White "Aronian,L"]
[Black "So,W"]
[Result "1/2-1/2"]
[WhiteElo "2764"]
[BlackElo "2778"]
[EventDate "2018.06.20"]

1. e4 e6 2. d4 d5 3. Nc3 dxe4 4. Nxe4 Nd7 5. g3 Be7 6. Bg2 Ngf6 7. Nxf6+
Bxf6 8. Nf3 O-O 9. O-O e5 10. Be3 exd4 11. Bxd4 c5 12. Be3 Bxb2 13. Rb1 Bf6
14. Nd2 Bd4 15. Bxd4 cxd4 16. Nb3 Nb6 17. Nxd4 Rb8 18. c4 Qc7 19. Rc1 Nd7
20. Qa4 a6 21. Qa3 Qc5 22. Qc3 Nf6 23. Rb1 b5 24. Qb2 Bf5 25. Nxf5 Qxf5 26.
Rfc1 Rfc8 27. cxb5 Rxb5 28. Rxc8+ Qxc8 29. Rc1 Qe6 30. Qd2 g5 31. Bf1 Re5
32. Qb2 a5 33. Rc6 Qf5 34. Qd4 Kg7 35. Bd3 Rd5 36. Bxf5 Rxd4 37. Bc2 Rd2
38. Kf1 Ng4 1/2-1/2

[Event "Grand Chess Tour 2018"]
[Site "Parigi"]
[Date "21.06.2018"][Round "6R"]
[White "Kramnik,V"]
[Black "Karjakin,Sergey"]
[Result "0-1"]
[WhiteElo "2792"]
[BlackElo "2782"]
[EventDate "2018.06.20"]

1. c4 Nf6 2. Nc3 e5 3. Nf3 Nc6 4. d3 d5 5. cxd5 Nxd5 6. e3 Be7 7. Be2 O-O
8. O-O Be6 9. a3 a5 10. Bd2 Kh8 11. Rc1 Nxc3 12. Rxc3 f6 13. Qa4 Nb4 14. e4
c5 15. Be3 b6 16. Nd2 Bd7 17. Qd1 Nc6 18. a4 Be6 19. Bg4 Bg8 20. Nc4 Bd6
21. g3 Bc7 22. Na3 Qe7 23. Nb5 Rad8 24. h4 Bb8 25. h5 Qe8 26. Kg2 Ne7 27.
Qe2 f5 28. exf5 Nxf5 29. Bg5 Nd4 30. Qd1 Nxb5 31. axb5 Rd4 32. Be3 Bd5+ 33.
Kg1 Rb4 34. h6 gxh6 35. Bxh6 Qg6 36. Bxf8 Rxg4 37. Qe1 Rh4 38. f3 Rh3 39.
Kg2 Qh5 40. Qe3 Rh2+ 41. Kg1 Qh3 42. Bg7+ Kg8 0-1

[Event "Grand Chess Tour 2018"]
[Site "Parigi"]
[Date "22.06.2018"][Round "7R"]
[White "Grischuk,A"]
[Black "Anand,V"]
[Result "1/2-1/2"]
[WhiteElo "2766"]
[BlackElo "2759"]
[EventDate "2018.06.20"]

1. e4 e5 2. Nf3 Nc6 3. Bb5 Nf6 4. d3 Bc5 5. c3 O-O 6. O-O d5 7. exd5 Qxd5
8. Qb3 Qd6 9. Nbd2 Be6 10. Qc2 Rad8 11. b4 Bb6 12. Nc4 Qxd3 13. Qxd3 Rxd3
14. Nxb6 Rxf3 15. gxf3 cxb6 16. Re1 Rc8 17. Bd2 Bd5 18. Re3 h6 19. Bf1 Rd8
20. Be1 Be6 21. b5 Ne7 22. Rxe5 Ng6 23. Re3 Nh7 24. Rd3 Rf8 25. Rd4 Ng5 26.
Be2 Nf4 27. Bd1 Ngh3+ 28. Kf1 Rc8 29. Bc2 Bc4+ 30. Rxc4 Rxc4 31. Rd1 g6 32.
Rd8+ Kg7 33. Bd2 Ne6 34. Rb8 Nhg5 35. Ke2 Nc5 36. Bb3 Rh4 37. Be3 Nge6 38.
Ra8 a6 39. bxa6 bxa6 40. Bxe6 fxe6 41. Bxc5 bxc5 42. Rxa6 Kf6 43. Ra5 Rxh2
44. Rxc5 Rh1 45. a4 Ra1 46. a5 g5 47. Ke3 Ra4 48. c4 Ra3+ 49. Ke4 Ra2 50.
Ke3 Ra3+ 51. Ke4 Ra2 52. Ke3 Ra3+ 1/2-1/2

[Event "Grand Chess Tour 2018"]
[Site "Parigi"]
[Date "22.06.2018"][Round "7R"]
[White "Caruana,F"]
[Black "Kramnik,V"]
[Result "1-0"]
[WhiteElo "2816"]
[BlackElo "2792"]
[EventDate "2018.06.20"]

1. e4 e5 2. Nf3 Nc6 3. Bb5 Nf6 4. d3 Bc5 5. Nbd2 Nd4 6. Nxd4 Bxd4 7. c3 Bb6
8. d4 c6 9. dxe5 cxb5 10. exf6 Qxf6 11. O-O O-O 12. a4 bxa4 13. Nc4 Bc7 14.
Ne3 b5 15. Nd5 Qd8 16. Qg4 Be5 17. f4 Bb8 18. Be3 Bb7 19. Rad1 a5 20. Nb6
h5 21. Qe2 Qe7 22. e5 d6 23. Nxa8 Bxa8 24. Qxb5 dxe5 25. f5 Qh4 26. Qe2 Bc6
27. Qf2 Qc4 28. f6 g6 29. Qg3 Bc7 30. h3 Rb8 31. Rd2 Qe6 32. Qg5 Qe8 33.
Re1 Qf8 34. Bf2 Kh7 35. Kh2 e4+ 36. Bg3 Rb5 37. Qh4 Qb8 38. Bxc7 Qxc7+ 39.
Qg3 Qb7 40. Qd6 Rf5 41. Qf8 Qc7+ 42. Kh1 Rxf6 43. Rd8 g5 44. Qh8+ Kg6 45.
Rg8+ Kf5 46. Rf1+ 1-0

[Event "Grand Chess Tour 2018"]
[Site "Parigi"]
[Date "22.06.2018"][Round "8R"]
[White "Aronian,L"]
[Black "Caruana,F"]
[Result "0-1"]
[WhiteElo "2764"]
[BlackElo "2816"]
[EventDate "2018.06.20"]

1. e4 e5 2. Bc4 Nf6 3. d3 c6 4. Nf3 d5 5. Bb3 Bb4+ 6. Bd2 Bxd2+ 7. Nbxd2 a5
8. a3 Nbd7 9. O-O a4 10. Ba2 O-O 11. Re1 Re8 12. d4 exd4 13. exd5 Rxe1+ 14.
Qxe1 cxd5 15. Rb1 Qb6 16. Nf1 Nf8 17. Qd1 Ne6 18. Ng3 Bd7 19. Ne2 Re8 20.
Nfxd4 h6 21. c3 Nc5 22. Qc2 Qd6 23. f3 g6 24. Rd1 Kg7 25. Qc1 b6 26. Bb1
Re5 27. Bc2 Ne8 28. Ng3 Qf6 29. f4 Re7 30. Rf1 Ne4 31. Bxe4 dxe4 32. Qe3
Qd6 33. f5 Nf6 34. fxg6 fxg6 35. Nge2 Qxh2+ 36. Kxh2 Ng4+ 37. Kg1 Nxe3 38.
Re1 Nc4 39. Nf4 Re5 40. b3 axb3 41. Nxb3 g5 42. Ne2 e3 43. Ned4 Nxa3 44.
Ra1 Nb5 45. c4 Nxd4 46. Nxd4 Re4 47. Nc2 Be6 48. Ra7+ Kf6 49. Rb7 e2 50.
Kf2 Bxc4 51. Rxb6+ Kf5 52. Rxh6 e1=Q+ 53. Nxe1 Re2+ 54. Kf3 g4+ 55. Kg3
Rxe1 56. Rh5+ Kg6 57. Rc5 Re4 58. Ra5 Be6 59. Ra3 Kg5 60. Ra5+ Bf5 61. Ra8
Re3+ 62. Kf2 Rb3 63. g3 Rb2+ 64. Kg1 Rg2+ 0-1

[Event "Grand Chess Tour 2018"]
[Site "Parigi"]
[Date "22.06.2018"][Round "8R"]
[White "Karjakin,Sergey"]
[Black "So,W"]
[Result "1/2-1/2"]
[WhiteElo "2782"]
[BlackElo "2778"]
[EventDate "2018.06.20"]

1. e4 e5 2. Nf3 Nc6 3. Bb5 Nf6 4. d3 Bc5 5. c3 O-O 6. O-O d6 7. h3 Ne7 8.
d4 Bb6 9. Bd3 d5 10. Nxe5 Nxe4 11. Nd2 Nd6 12. Nb3 f6 13. Nf3 Bf5 14. Nc5
Bxd3 15. Qxd3 Re8 16. Bf4 Bxc5 17. dxc5 Ne4 18. b4 Ng6 19. Bh2 a5 20. a3 c6
21. c4 axb4 22. axb4 Rxa1 23. Rxa1 dxc4 24. Qxc4+ Kh8 25. Nd4 Qd7 26. f3
Ng5 27. Bd6 Ne5 28. Qc2 Nef7 29. Qf5 Qxf5 30. Nxf5 g6 31. Ng3 Nxd6 32. cxd6
Rd8 33. Ra7 Rd7 34. h4 Nf7 35. Ne4 Nxd6 36. Nxd6 Rxd6 37. Rxb7 Rd4 38. Rb6
f5 39. Rxc6 Rxb4 1/2-1/2

[Event "Grand Chess Tour 2018"]
[Site "Parigi"]
[Date "22.06.2018"][Round "9R"]
[White "So,W"]
[Black "Anand,V"]
[Result "1/2-1/2"]
[WhiteElo "2778"]
[BlackElo "2759"]
[EventDate "2018.06.20"]

1. d4 Nf6 2. Bf4 d5 3. e3 e6 4. Nf3 Bd6 5. Bg3 b6 6. c4 O-O 7. Nc3 Bb7 8.
cxd5 Nxd5 9. Nxd5 Bxd5 10. Bd3 Nd7 11. a3 h6 12. e4 Bb7 13. Bxd6 cxd6 14.
O-O Nf6 15. Nd2 Qe7 16. Rc1 Rac8 17. Qe2 Rxc1 18. Rxc1 Rc8 19. Rxc8+ Bxc8
20. g3 Qc7 21. Qd1 e5 22. d5 Kf8 23. Qc2 Qxc2 24. Bxc2 Ke7 25. Bd3 Ne8 26.
Nf1 g6 27. Ne3 Ng7 28. Kg2 f5 29. f4 fxe4 30. Bxe4 exf4 31. gxf4 Nf5 32.
Bxf5 Bxf5 33. Kf3 Kf6 34. h4 Bd7 35. Ke4 b5 36. Nd1 Bf5+ 37. Kf3 Bd7 38.
Nc3 a6 39. Ne4+ Ke7 40. Ke3 Bf5 41. Ng3 Bh3 42. Kf3 Bf5 43. Nf1 Kf6 44. Ne3
Ke7 45. h5 Kf6 46. hxg6 Kxg6 47. Kg3 Be4 48. Kg4 Bf5+ 49. Kg3 Be4 50. Kg4
1/2-1/2

[Event "Grand Chess Tour 2018"]
[Site "Parigi"]
[Date "22.06.2018"][Round "9R"]
[White "Caruana,F"]
[Black "Karjakin,Sergey"]
[Result "1/2-1/2"]
[WhiteElo "2816"]
[BlackElo "2782"]
[EventDate "2018.06.20"]

1. e4 e5 2. Nf3 Nc6 3. Bb5 Nf6 4. d3 Bc5 5. O-O Nd4 6. Nxd4 Bxd4 7. Ba4 O-O
8. Nd2 d5 9. exd5 Qxd5 10. Bb3 Qc6 11. Qf3 Bd7 12. h3 Rae8 13. Re1 b5 14.
Qxc6 Bxc6 15. Nf3 Bxf3 16. gxf3 c6 17. c3 Bb6 18. a4 Rd8 19. axb5 cxb5 20.
Bc2 Nd7 21. f4 Nc5 22. Rd1 f6 23. Be3 Rd6 24. fxe5 fxe5 25. d4 exd4 26.
Bxd4 Rfd8 27. Re1 Kf8 28. Re5 Nd7 29. Rxb5 Bxd4 30. cxd4 a6 31. Rb3 Nf6 32.
Bd3 Rxd4 33. Bxa6 Ra8 34. Raa3 g6 35. Be2 Rxa3 36. bxa3 Rd2 37. Bf3 Ra2 38.
Rb8+ Kg7 39. Ra8 Kh6 40. Ra7 Kg5 41. Kg2 Ne8 42. Bd5 Ra1 43. a4 Nd6 44. Bc6
h5 45. a5 Nf5 46. a6 Nh4+ 47. Kh2 Ra2 48. Ra8 Rxf2+ 49. Kg1 Ra2 50. Bb5
Nf3+ 51. Kf1 Kf4 52. Bc6 Ne5 53. Bd5 Ra5 54. Bb7 Kg3 55. Re8 Nc4 56. Re6 g5
57. Ke2 Ra3 58. Re4 Ra2+ 59. Kd3 Nd6 60. Re3+ Kh4 61. Re2 Ra3+ 62. Kc2 Ra5
63. Re3 Ra1 64. Kb2 Ra5 65. Rb3 g4 66. hxg4 hxg4 67. Rb4 Kh3 68. Kb3 g3 69.
Ra4 Rb5+ 70. Rb4 Ra5 71. Rb6 Ne8 72. Rh6+ Kg4 73. Rg6+ Kf4 74. Kb4 Ra1 75.
Kc5 Nc7 76. Kb6 Nxa6 77. Bxa6 Rxa6+ 78. Kxa6 1/2-1/2

[Event "Grand Chess Tour 2018"]
[Site "Parigi"]
[Date "23.06.2018"]
[Round "1B"]
[White "Kramnik,V"]
[Black "Aronian,L"]
[Result "0-1"]
[WhiteElo "2792"]
[BlackElo "2764"]
[EventDate "2018.06.20"]

1. c4 c6 2. Nf3 d5 3. e3 Nf6 4. b4 Bg4 5. cxd5 cxd5 6. Qa4+ Bd7 7. Qb3 e6
8. Bb2 Nc6 9. a3 a5 10. b5 a4 11. Qd1 Na5 12. Nc3 Nb3 13. Rb1 Nc5 14. Be2
Bd6 15. O-O O-O 16. d4 Nce4 17. Nxa4 Qa5 18. Nc5 Nxc5 19. dxc5 Bxc5 20. Bd3
Bxa3 21. Ra1 Qb4 22. Bxf6 gxf6 23. Nd4 f5 24. Qh5 Qe7 25. g4 Qf6 26. Kh1
Kh8 27. gxf5 e5 28. Nc2 Bc5 29. Rad1 Ra2 30. f3 Rb2 31. Rg1 Bxb5 32. Bxb5
Rxc2 33. Rde1 Rc3 34. Rg3 Bxe3 35. Rh3 h6 36. Ra1 Bf4 37. Bf1 Rg8 38. Rd1
d4 39. Bd3 Qg5 40. Qxg5 Bxg5 41. Rg3 Bf4 42. Rxg8+ Kxg8 43. Be4 b5 44. Rb1
Rc5 45. Kg2 Kg7 46. h4 Kf6 47. Ra1 0-1

[Event "Grand Chess Tour 2018"]
[Site "Parigi"]
[Date "23.06.2018"]
[Round "2B"]
[White "Aronian,L"]
[Black "So,W"]
[Result "1/2-1/2"]
[WhiteElo "2764"]
[BlackElo "2778"]
[EventDate "2018.06.20"]

1. Nf3 d5 2. e3 Nf6 3. c4 e6 4. b3 Bd6 5. Bb2 O-O 6. Nc3 c5 7. cxd5 exd5 8.
d4 Nc6 9. Be2 cxd4 10. Nxd4 Nxd4 11. Qxd4 Re8 12. Rd1 Be5 13. Qd2 Bf5 14.
O-O Rc8 15. Bf3 Ne4 16. Nxe4 dxe4 17. Qxd8 Rcxd8 18. Rxd8 Rxd8 19. Bxe5
exf3 20. gxf3 Rd2 21. Kg2 Rxa2 22. Rc1 Rc2 23. Rxc2 Bxc2 24. b4 b6 1/2-1/2

[Event "Grand Chess Tour 2018"]
[Site "Parigi"]
[Date "23.06.2018"]
[Round "2B"]
[White "Karjakin,Sergey"]
[Black "Grischuk,A"]
[Result "1-0"]
[WhiteElo "2782"]
[BlackElo "2766"]
[EventDate "2018.06.20"]

1. e4 c5 2. Nf3 d6 3. d4 cxd4 4. Nxd4 Nf6 5. Nc3 a6 6. Be3 Ng4 7. Bc1 Nf6
8. Be2 e5 9. Nb3 Be7 10. Be3 Be6 11. Nd5 Nbd7 12. Qd3 O-O 13. O-O Bxd5 14.
exd5 Rc8 15. c4 Ne8 16. f3 g6 17. Kh1 Ng7 18. Bg1 Bg5 19. Rad1 h5 20. Nd2
f5 21. b4 h4 22. c5 dxc5 23. d6 cxb4 24. Qd5+ Kh7 25. Nc4 Bf4 26. Qxb7 Rf7
27. Nb6 Rc2 28. Qd5 Nxb6 29. Qxf7 Rxe2 30. Bxb6 Qxb6 31. Qe7 h3 32. g3 Qc5
33. gxf4 Qc2 34. Qh4+ Nh5 35. Qxh3 Rd2 36. Rxd2 Qxd2 37. fxe5 Qxa2 38. d7
Qd5 39. e6 b3 40. Qh4 Qd3 41. Kg2 b2 42. d8=Q Qxf1+ 43. Kxf1 b1=Q+ 44. Kg2
Qa2+ 45. Kh3 1-0

[Event "Grand Chess Tour 2018"]
[Site "Parigi"]
[Date "23.06.2018"]
[Round "3B"]
[White "Kramnik,V"]
[Black "Karjakin,Sergey"]
[Result "0-1"]
[WhiteElo "2792"]
[BlackElo "2782"]
[EventDate "2018.06.20"]

1. d4 Nf6 2. Nf3 d5 3. c4 e6 4. e3 Be7 5. Nc3 O-O 6. h3 b6 7. Bd3 Bb7 8.
O-O dxc4 9. Bxc4 Nbd7 10. Qe2 c5 11. Rd1 Qc7 12. e4 cxd4 13. Nxd4 a6 14.
Bg5 b5 15. Nxe6 Qxc4 16. Qxc4 bxc4 17. Nxf8 Kxf8 18. Rd4 Ne5 19. Rad1 Rc8
20. Na4 Rc6 21. b3 cxb3 22. axb3 Rc2 23. f3 Ke8 24. R4d2 Rxd2 25. Bxd2 Bc6
26. Ra1 Nfd7 27. Be3 Nd3 28. Nc3 Bb7 29. Rd1 Nb4 30. Na4 f6 31. Nb2 Ne5 32.
Bd4 Nbc6 33. Bc3 Bc8 34. f4 Nd7 35. Nc4 Nc5 36. Nd6+ Bxd6 37. Rxd6 Bb7 38.
b4 Na4 39. Ba1 Ke7 40. e5 fxe5 41. fxe5 Nb6 42. Rd3 Nxb4 43. Rg3 g6 44. Rg4
N6d5 45. Rh4 h5 46. g4 Nf4 47. gxh5 g5 48. Rg4 Bc8 49. Rxf4 gxf4 50. h6 Bf5
51. Kf2 Be4 52. Bc3 Nd3+ 53. Ke2 Ke6 54. h4 Nxe5 55. h5 Ng4 56. Bg7 Kf7 57.
Kf1 f3 58. Bd4 Nxh6 0-1

[Event "Grand Chess Tour 2018"]
[Site "Parigi"]
[Date "23.06.2018"]
[Round "3B"]
[White "Caruana,F"]
[Black "Aronian,L"]
[Result "1/2-1/2"]
[WhiteElo "2816"]
[BlackElo "2764"]
[EventDate "2018.06.20"]

1. e4 e5 2. Nf3 Nc6 3. Nc3 Nf6 4. a3 Be7 5. d4 exd4 6. Nxd4 O-O 7. Nxc6
bxc6 8. e5 Ne8 9. Bd3 d5 10. O-O f6 11. Bf4 fxe5 12. Bxe5 Bf6 13. Qe2 Nd6
14. Rae1 Bxe5 15. Qxe5 Bf5 16. Na4 Qh4 17. Bxf5 Rxf5 18. Qe6+ Rf7 19. b3
Re8 20. Qxe8+ Nxe8 21. Rxe8+ Rf8 22. Re6 Rf6 23. Re3 h6 24. Nc5 Qg4 25. Nd3
Re6 26. h3 Qf5 27. Rfe1 Rxe3 28. Rxe3 Qf6 29. Re5 Kh7 30. b4 Qd6 31. Re3 a5
32. g4 axb4 33. axb4 Qf6 34. Kg2 h5 35. Re5 hxg4 36. hxg4 Kg8 37. Re8+ Kf7
38. Re3 Qg5 39. Kg3 Kg8 40. Re8+ Kh7 41. Re3 Qh6 42. Kg2 Kg8 43. Re2 Qh4
44. f3 Qf6 45. Re5 Qh6 46. Re2 1/2-1/2

[Event "Grand Chess Tour 2018"]
[Site "Parigi"]
[Date "23.06.2018"]
[Round "4B"]
[White "Aronian,L"]
[Black "Anand,V"]
[Result "1-0"]
[WhiteElo "2764"]
[BlackElo "2759"]
[EventDate "2018.06.20"]

1. e4 c6 2. d4 d5 3. exd5 cxd5 4. c3 Nc6 5. Bd3 Qc7 6. Nd2 Nf6 7. Ngf3 Bg4
8. Nf1 e6 9. Ng3 Nh5 10. O-O Bd6 11. Re1 Nxg3 12. hxg3 Bh5 13. a4 Bg6 14.
Bf1 O-O 15. Bd3 Rfe8 16. Bxg6 hxg6 17. Ng5 Qd7 18. Qg4 f6 19. Nh3 Kf7 20.
Bf4 Bf8 21. Re2 Ne7 22. Qf3 Kg8 23. Rae1 Nf5 24. g4 Nd6 25. g5 Ne4 26. Qd3
Qf7 27. f3 Nd6 28. Bxd6 Bxd6 29. f4 Re7 30. g3 Rae8 31. Qd2 a6 32. Kg2 Rf8
33. Qd3 Rfe8 34. Qd2 Rf8 35. Re3 Qe8 36. Qd1 Kf7 37. Nf2 fxg5 38. Nh3 gxf4
39. Rxe6 Rxe6 40. Ng5+ Kg8 41. Rxe6 Qd7 42. Qh1 1-0

[Event "Grand Chess Tour 2018"]
[Site "Parigi"]
[Date "23.06.2018"]
[Round "4B"]
[White "Grischuk,A"]
[Black "Kramnik,V"]
[Result "1/2-1/2"]
[WhiteElo "2766"]
[BlackElo "2792"]
[EventDate "2018.06.20"]

1. e4 e5 2. Nf3 Nc6 3. Bb5 Nf6 4. d3 d6 5. O-O a6 6. Bxc6+ bxc6 7. d4 exd4
8. Nxd4 c5 9. Nc6 Qd7 10. Na5 Qa4 11. Bd2 Nxe4 12. Nc3 Nxc3 13. Bxc3 Be6
14. Qf3 d5 15. Rfe1 O-O-O 16. b3 Qb5 17. Bd2 Qb6 18. c4 Kb8 19. a3 g5 20.
b4 g4 21. Qf6 Bd6 22. bxc5 Qxc5 23. Rab1+ Kc8 24. Nb7 Be7 25. Qb2 Qxa3 26.
Qc2 dxc4 27. Nxd8 Rxd8 28. Be3 c3 29. Qe4 Rd5 30. g3 h5 31. Rec1 h4 32. Ra1
Qd6 33. gxh4 Bf5 34. Qc4 c2 35. Qe2 Bd3 36. Qxg4+ Bf5 37. Qf3 Qg6+ 38. Qg3
Bxh4 39. Qxg6 fxg6 40. Kg2 Kb7 41. Ra2 Bf6 42. Kf3 a5 43. Ke2 Bd3+ 44. Kf3
Rf5+ 45. Kg2 Be4+ 46. Kf1 Rb5 47. Ke2 Rb3 48. Kd2 Bc3+ 49. Ke2 Bb2 50. Rg1
Bd3+ 51. Kd2 c1=Q+ 52. Rxc1 Bxc1+ 53. Kxc1 Ka6 54. Rb2 Rxb2 55. Kxb2 Kb5
56. Kc3 Bf5 57. Bg5 c5 58. Be7 a4 59. Kb2 Kb4 60. Bf6 a3+ 61. Ka1 Kb3 62.
Bg5 c4 63. Bc1 c3 64. h4 Be4 65. f4 Bf5 66. Be3 Kc2 67. Ka2 Kd1 68. Kxa3
Be6 69. f5 gxf5 70. h5 Bg8 71. h6 Ke2 72. Bg5 Kf3 73. h7 Bxh7 74. Kb3 Kg4
75. Bc1 1/2-1/2